All Countries by Population, with an Empty Map - Statistics

General Stats
  • This quiz has been taken 6,012 times
  • The average score is 98 of 196
Answers on the Map
Answers color-coded by a green-red scale on the quiz's map according to % correct below.
 
Answer Stats
Country % Correct
China
100%
India
99%
United States
98%
Indonesia
96%
Brazil
93%
Pakistan
93%
Nigeria
91%
Russia
90%
Japan
88%
Bangladesh
87%
Mexico
87%
Ethiopia
86%
Dem. Rep. of the Congo
85%
Vietnam
83%
Germany
82%
Philippines
82%
Egypt
81%
France
81%
Turkey
81%
United Kingdom
81%
Iran
80%
Italy
79%
Thailand
76%
South Africa
73%
Tanzania
73%
Kenya
72%
Argentina
71%
Colombia
70%
Uganda
69%
Myanmar
68%
South Korea
68%
Spain
68%
Yemen
68%
Canada
67%
Ukraine
67%
Algeria
66%
Iraq
66%
Poland
65%
Venezuela
65%
Sudan
64%
Afghanistan
63%
Peru
63%
Zambia
63%
Uzbekistan
61%
Zimbabwe
61%
Australia
60%
Angola
59%
Morocco
59%
Saudi Arabia
59%
Côte d'Ivoire
58%
Ghana
57%
Kazakhstan
57%
Vatican City
57%
Malaysia
56%
Nauru
55%
Jordan
54%
Mozambique
54%
Nepal
54%
Oman
54%
Palau
54%
Romania
54%
Tuvalu
54%
Haiti
53%
Hungary
53%
Niger
53%
Qatar
53%
Republic of the Congo
53%
Cameroon
52%
Ecuador
52%
Fed. States of Micronesia
52%
Chile
51%
Liechtenstein
51%
North Korea
51%
Honduras
50%
Monaco
50%
Netherlands
50%
San Marino
50%
Finland
49%
Guatemala
49%
Kiribati
49%
Mali
49%
Portugal
49%
Rwanda
48%
Sweden
48%
Taiwan
48%
Austria
47%
Bolivia
47%
Denmark
47%
Israel
47%
Madagascar
47%
Vanuatu
47%
Andorra
46%
Belgium
46%
Chad
46%
Dominican Republic
46%
Greece
46%
Jamaica
46%
United Arab Emirates
46%
Antigua and Barbuda
45%
Norway
45%
Sri Lanka
45%
Uruguay
45%
Burkina Faso
44%
Dominica
44%
Grenada
44%
Paraguay
44%
Tonga
44%
Cambodia
43%
Guinea
43%
Laos
43%
Libya
43%
Marshall Islands
43%
St. Kitts and Nevis
43%
Azerbaijan
42%
Belarus
42%
Cuba
42%
Czech Republic
42%
Iceland
42%
Ireland
42%
Kyrgyzstan
42%
St. Vincent and Grenadines
42%
Switzerland
42%
Syria
42%
Fiji
41%
Malawi
41%
Senegal
41%
St. Lucia
41%
Tunisia
41%
Benin
40%
Burundi
40%
Luxembourg
40%
South Sudan
40%
Tajikistan
40%
Barbados
39%
Lithuania
39%
Mongolia
39%
Panama
39%
Papua New Guinea
39%
Samoa
39%
Somalia
39%
Bulgaria
38%
Estonia
38%
Latvia
38%
Serbia
38%
Kosovo
37%
Nicaragua
37%
Seychelles
37%
Slovakia
37%
Togo
37%
Turkmenistan
37%
New Zealand
36%
Armenia
35%
Brunei
35%
Comoros
35%
Costa Rica
35%
Croatia
35%
Djibouti
35%
El Salvador
35%
Guyana
35%
Kuwait
35%
Malta
35%
Mauritania
35%
Namibia
35%
Bahamas
34%
Botswana
34%
Eritrea
34%
Georgia
34%
Lebanon
34%
São Tomé and Príncipe
34%
Albania
33%
Bhutan
33%
Bosnia and Herzegovina
33%
Central African Republic
33%
Eswatini
33%
Lesotho
33%
Liberia
33%
Slovenia
33%
Cape Verde
32%
Gabon
32%
Maldives
32%
Singapore
32%
Suriname
32%
Gambia
31%
Guinea Bissau
31%
Mauritius
31%
Sierra Leone
31%
Belize
30%
East Timor
30%
Equatorial Guinea
30%
Montenegro
30%
North Macedonia
30%
Trinidad and Tobago
30%
Bahrain
29%
Cyprus
29%
Moldova
29%
Solomon Islands
29%
No matching quizzes found
Score Distribution
Percent of People with Each Score
Percentile by Number Answered
Your Score History
You have not taken this quiz